Negative Income Tax in Case of V4 Countries

Na minha lista:
Detalhes bibliográficos
Autor principal: Tomčiková, Michaela
Formato: Capítulo de Livro
Idioma:inglês
Tags: Adicionar Tag
Sem tags, seja o primeiro a adicionar uma tag!

MARC

LEADER 00000naa$a2200000$$$4500
001 0252358
005 20240502074039.1
041 0 |a eng 
044 |a SK 
245 1 0 |a Negative Income Tax in Case of V4 Countries  |c Michaela Tomčiková 
100 1 |a Tomčiková, Michaela